000 00295nam a22001337a 4500
008 181001b xxu||||| |||| 00| 0 eng d
020 _a9780618642021
041 _aeng
080 _22nd
_a371
100 _a25
101 _aEDU
245 _aThe college writer
_cVanderMey,R
942 _2udc
_cBK
999 _c48737
_d48737